000
00268nam a22001097a 4500
082
_a
553.28 PET'B
100
_a
BLAND, W.F,DAVIDSON, R.L
_9
76098
245
_a
PETROLEUM PROCESSING HANDBOOK
260
_a
NEWYORK
_b
MCGRAW HILL
_c
1967
300
_a
XI, 1446P
942
_c
BK
999
_c
581524
_d
581524